[Event "FRA-chT U20 16 GP Basse 1011"]
[Site "France"]
[Date "2011.06.12"]
[Round "9"]
[White "Lutard, Theo"]
[Black "Ferrari, Louis"]
[Result "0-1"]
[WhiteElo "1694"]
[BlackElo "1660"]
[PlyCount "142"]
[EventDate "2010.06.20"]
[EventType "team-tourn"]
[EventRounds "11"]
[EventCountry "FRA"]
[SourceTitle "EXT 2015"]
[Source "ChessBase"]
[SourceDate "2014.11.20"]
[SourceVersion "1"]
[SourceVersionDate "2014.11.20"]
[SourceQuality "1"]
[WhiteTeam "Potemkine (U20)"]
[BlackTeam "Hyeres (U20)"]
[WhiteTeamCountry "FRA"]
[BlackTeamCountry "FRA"]

1. e4 c6 2. d4 d5 3. Nc3 dxe4 4. Nxe4 Bf5 5. Ng3 Bg6 6. h4 h6 7. h5 Bh7 8. Nf3 Nd7 9. Bd3 Bxd3 10. Qxd3 e6 11. Bd2 Ngf6 12. 0-0-0 Bd6 13. Ne2 Qc7 14. Rdg1 Ng4 15. Rf1 0-0-0 16. Nh4 Be7 17. f3 Nh2 18. Bf4 Bg5 19. Qe3 Nxf1 20. Rxf1 Bxf4 21. Nxf4 Qa5 22. Kb1 Qg5 23. Rh1 Nf6 24. g4 Nd5 25. Nxd5 Rxd5 26. Qe4 Rhd8 27. c3 c5 28. f4 Qxg4 29. Nf3 Qf5 30. Qxf5 Rxf5 31. Rh4 Rdd5 32. c4 Rd8 33. dxc5 Rxc5 34. b3 Rd1+ 35. Kc2 Rf1 36. Ne5 f6 37. Nd3 Rc7 38. Rh2 Rf3 39. Re2 Kd7 40. Rd2 Ke7 41. Rh2 Kf8 42. Re2 Rc6 43. a4 Rh3 44. c5 a5 45. Re4 Rxh5 46. Rd4 Rd5 47. Re4 b6 48. b4 axb4 49. Rxb4 Rdxc5+ 50. Nxc5 Rxc5+ 51. Kd3 Rc6 52. Rb5 g5 53. fxg5 hxg5 54. Ke3 Kf7 55. Kf3 Kg6 56. Rb4 f5 57. Ke3 e5 58. Rb5 Kf6 59. Rb2 g4 60. Rh2 f4+ 61. Ke4 Rc4+ 62. Kd3 Rxa4 63. Rh6+ Kg5 64. Rxb6 e4+ 65. Ke2 Ra2+ 66. Kf1 Kh4 67. Rb3 e3 68. Rb4 Kg3 69. Ke1 f3 70. Rd4 f2+ 71. Kf1 e2# 0-1

[Event "FRA-ch U12"]
[Site "Montlucon"]
[Date "2011.04.23"]
[Round "8"]
[White "Lutard, Theo"]
[Black "Eugene, Floryan"]
[Result "0-1"]
[WhiteElo "1665"]
[BlackElo "1689"]
[PlyCount "66"]
[EventDate "2011.04.17"]
[EventType "swiss"]
[EventRounds "9"]
[EventCountry "FRA"]
[SourceTitle "CBM 142 Extra"]
[Source "ChessBase"]
[SourceDate "2011.06.27"]
[SourceVersion "1"]
[SourceVersionDate "2011.06.27"]
[SourceQuality "1"]

1. e4 e5 2. Nf3 Nc6 3. Bc4 Bc5 4. d3 Nf6 5. Nc3 d6 6. Be3 Bb6 7. h3 0-0 8. 0-0 Ne7 9. d4 Ng6 10. Qd2 h6 11. Rad1 Be6 12. Bxe6 fxe6 13. dxe5 Nxe5 14. Nxe5 dxe5 15. Qxd8 Raxd8 16. Bxb6 axb6 17. f3 Rd4 18. Rxd4 exd4 19. Ne2 c5 20. e5 Nd5 21. Rd1 Rf5 22. f4 Ne3 23. Rc1 Rf8 24. Kf2 Nc4 25. b3 Nxe5 26. Rd1 Nc6 27. c3 e5 28. Kg1 dxc3 29. Rc1 Nd4 30. Nxd4 cxd4 31. fxe5 Re8 32. Rd1 c2 33. Rc1 d3 0-1

[Event "FRA-ch U12"]
[Site "Montlucon"]
[Date "2011.04.22"]
[Round "7"]
[White "Lutard, Theo"]
[Black "Ginovart, Axel"]
[Result "1/2-1/2"]
[WhiteElo "1665"]
[BlackElo "1802"]
[PlyCount "153"]
[EventDate "2011.04.17"]
[EventType "swiss"]
[EventRounds "9"]
[EventCountry "FRA"]
[SourceTitle "CBM 142 Extra"]
[Source "ChessBase"]
[SourceDate "2011.06.27"]
[SourceVersion "1"]
[SourceVersionDate "2011.06.27"]
[SourceQuality "1"]

1. e4 c5 2. Nf3 a6 3. c3 e6 4. d4 d5 5. Bd3 Bd7 6. exd5 exd5 7. 0-0 Nf6 8. Re1+ Be7 9. dxc5 0-0 10. Nbd2 Bxc5 11. Nb3 Bd6 12. Bg5 h6 13. Bh4 Nc6 14. Nbd4 Re8 15. Rxe8+ Bxe8 16. Qd2 Nxd4 17. Nxd4 Bf8 18. Bc2 Qb6 19. Bxf6 Qxf6 20. Bb3 Bc6 21. Rd1 Rc8 22. Nf3 Rd8 23. Qd4 Qxd4 24. Nxd4 Re8 25. Kf1 Bc5 26. a3 Bxd4 27. Rxd4 Bb5+ 28. c4 dxc4 29. Bxc4 Bxc4+ 30. Rxc4 Re7 31. Rc2 g5 32. g4 Kg7 33. Kg2 Kg6 34. Rd2 Re6 35. Kg3 Rb6 36. h3 Rb3+ 37. Kg2 b5 38. Rd6+ f6 39. Rxa6 Rxb2 40. Rb6 Rb3 41. f3 h5 42. Kg3 h4+ 43. Kg2 Kf7 44. Ra6 Rb2+ 45. Kg1 Ra2 46. Ra5 Ke6 47. Rxb5 Rxa3 48. Kg2 Ra2+ 49. Kg1 Rd2 50. Ra5 Re2 51. Rb5 Re5 52. Rb6+ Kf7 53. Rb7+ Kg6 54. Rb6 Re1+ 55. Kf2 Rh1 56. Kg2 Rd1 57. Kf2 Rd2+ 58. Kg1 Kf7 59. Ra6 Ke7 60. Rb6 Rd5 61. Kg2 f5 62. gxf5 Rxf5 63. Kf2 Re5 64. Rg6 Kf7 65. Rb6 Rc5 66. Ra6 Rc2+ 67. Kg1 Re2 68. Ra4 Kf6 69. f4 Re3 70. fxg5+ Kxg5 71. Rg4+ Kh5 72. Kg2 Re2+ 73. Kg1 Re5 74. Kg2 Re1 75. Kf2 Rd1 76. Kg2 Rd5 77. Kh2 1/2-1/2

[Event "FRA-chTB U20 1011"]
[Site "France"]
[Date "2010.12.20"]
[Round "7.5"]
[White "Lutard, Theo"]
[Black "Eugene, Floryan"]
[Result "0-1"]
[WhiteElo "1630"]
[BlackElo "1609"]
[PlyCount "43"]
[EventDate "2010.11.20"]
[EventType "team-tourn"]
[EventRounds "7"]
[EventCountry "FRA"]
[SourceTitle "EXT 2012"]
[Source "ChessBase"]
[SourceDate "2011.11.24"]
[SourceVersion "1"]
[SourceVersionDate "2011.11.24"]
[SourceQuality "1"]
[WhiteTeam "Potemkine"]
[BlackTeam "Sautron"]
[WhiteTeamCountry "FRA"]
[BlackTeamCountry "FRA"]

1. e4 e5 2. Nf3 Nc6 3. d4 exd4 4. Nxd4 Bc5 5. Nxc6 Qf6 6. Qf3 Qxf3 7. gxf3 bxc6 8. Be3 Bb6 9. Nd2 Rb8 10. 0-0-0 Nf6 11. Nb3 0-0 12. Bc4 Re8 13. Rhe1 Bb7 14. Re2 d5 15. exd5 Nxd5 16. Bd3 Red8 17. Bxb6 axb6 18. Red2 c5 19. Be2 Rd7 20. c3 Rbd8 21. Kc2 Nf4 22. Bb5 0-1

[Event "FRA-chTB U20 1011"]
[Site "France"]
[Date "2010.12.19"]
[Round "6.5"]
[White "Barbotte, Leo"]
[Black "Lutard, Theo"]
[Result "0-1"]
[WhiteElo "1510"]
[BlackElo "1630"]
[PlyCount "68"]
[EventDate "2010.11.20"]
[EventType "team-tourn"]
[EventRounds "7"]
[EventCountry "FRA"]
[SourceTitle "EXT 2012"]
[Source "ChessBase"]
[SourceDate "2011.11.24"]
[SourceVersion "1"]
[SourceVersionDate "2011.11.24"]
[SourceQuality "1"]
[WhiteTeam "Niort"]
[BlackTeam "Potemkine"]
[WhiteTeamCountry "FRA"]
[BlackTeamCountry "FRA"]

1. e4 e5 2. Nc3 Nf6 3. g3 Bc5 4. Bg2 0-0 5. Nge2 Nc6 6. 0-0 d6 7. d3 Be6 8. h3 Qd7 9. Kh2 d5 10. exd5 Nxd5 11. Na4 Be7 12. f4 exf4 13. Nxf4 Rab8 14. Nxe6 Qxe6 15. Bd2 Nd4 16. Nc3 Nf6 17. Rf4 c5 18. Ne4 Rfd8 19. Nxf6+ Bxf6 20. Re4 Qb6 21. Rb1 Re8 22. Rxe8+ Rxe8 23. Bc3 Qc7 24. Qg4 Re3 25. Qf4 Qxf4 26. gxf4 Re2 27. Kg1 b6 28. Kf1 Rxc2 29. Re1 Kf8 30. a3 Bh4 31. Bxd4 Bxe1 32. Kxe1 cxd4 33. Kf1 Rxb2 34. a4 Ra2 0-1

[Event "FRA-chTB U20 1011"]
[Site "France"]
[Date "2010.12.18"]
[Round "4.5"]
[White "Vigna, Leo"]
[Black "Lutard, Theo"]
[Result "0-1"]
[WhiteElo "1685"]
[BlackElo "1630"]
[PlyCount "94"]
[EventDate "2010.11.20"]
[EventType "team-tourn"]
[EventRounds "7"]
[EventCountry "FRA"]
[SourceTitle "EXT 2012"]
[Source "ChessBase"]
[SourceDate "2011.11.24"]
[SourceVersion "1"]
[SourceVersionDate "2011.11.24"]
[SourceQuality "1"]
[WhiteTeam "Clichy"]
[BlackTeam "Potemkine"]
[WhiteTeamCountry "FRA"]
[BlackTeamCountry "FRA"]

1. e4 e5 2. Nf3 Nc6 3. Nc3 Nf6 4. Bb5 d6 5. d4 exd4 6. Nxd4 Bd7 7. Bg5 Be7 8. Nxc6 bxc6 9. Bc4 Be6 10. Bxe6 fxe6 11. Qf3 0-0 12. e5 Nd5 13. Bxe7 Nxe7 14. Qg4 Nf5 15. 0-0-0 d5 16. Qa4 Qd7 17. Ne4 Rfb8 18. Nc5 Qe8 19. Na6 Rb7 20. Qa5 Qe7 21. Qc5 Qd7 22. Nb4 Rb6 23. c4 Rab8 24. a3 Qe7 25. Qxe7 Nxe7 26. cxd5 cxd5 27. Rd2 c5 28. Nd3 c4 29. Nb4 a5 30. Na2 Ng6 31. Re1 Nf4 32. Kd1 Rxb2 33. Rxb2 Rxb2 34. Nc3 Nxg2 35. Re2 Rb3 36. Rc2 Rxa3 37. Nb5 Ra1+ 38. Rc1 Rxc1+ 39. Kxc1 Kf7 40. Nd4 Nf4 41. Nc6 a4 42. f3 Ke8 43. Kb2 Kd7 44. Nb8+ Kc7 45. Na6+ Kb6 46. Nb8 Kb5 47. Kc3 a3 0-1